Rozpoznaj klub po graczu - Statystyki

Ogólne statystyki
  • Ten quiz został rozwiązany 15 029 razy
    6 956 od ostatniego zresetowania
  • Średni wynik to 10 z 17
Statystyki odpowiedzi
Piłkarz Klub % Poprawnych
Angel Di Maria PSG
92%
Dani Carvajal Real Madryt
88%
Alvaro Morata Juventus
82%
Sergi Roberto FC Barcelona
78%
Cesar Azpilicueta Chelsea
74%
James Milner Liverpool
73%
Granit Xhaka Arsenal
70%
Zlatan Ibrahimovic AC Milan
69%
Samir Handanovic Inter
69%
Bernardo Silva Manchester City
67%
Luke Shaw Manchester United
67%
Jakub Błaszczykowski Wisła Kraków
65%
Krzysztof Piątek Fiorentina
36%
Karol Linetty Torino
28%
Lorenzo Insignie SSC Napoli
22%
Sebastian Szymański Dinamo Moskwa
14%
Omar Toprak Werder Brema
12%
Nie znaleziono quizów pasujących do podanych kryteriów
Rozkład punktacji
Procent ludzi z każdym wynikiem
Percentyl według liczby udzielonych odpowiedzi
Twoja historia wyników
Nie rozwiązałeś tego quizu od ostatniego zresetowania